000 00600nam a2200205Ia 4500
003 IIN
005 20250429115012.0
008 231217s9999 xx ad 001 0 eng d
020 _cRs.635.00
_a9789393330000
040 _aIIN
_bEnglish
082 _a579.0282
_bSAX
245 1 _aAnanthanarayan and Paniker's Textbook of Microbiology for Nurses /
_cedited by Sonal Saxena
250 _a3rd ed.
260 _aHyderabad
_bUniversity Press
_c2022
300 _a[2], 1-322p.
_bcol. ill.
500 _aIncludes Index
650 1 _aMicrobiology
_vNursing
700 _aSaxena, Sonal (ed.)
942 _cBOOK
999 _c1392
_d1392